LEADER 01941nam 2200409 n 450 001 996384974303316 005 20200824120526.0 035 $a(CKB)4940000000068736 035 $a(EEBO)2240902020 035 $a(UnM)ocm99888833e 035 $a(UnM)99888833 035 $a(EXLCZ)994940000000068736 100 $a19990126d1689 uy 101 0 $aeng 135 $aurbn||||a|bb| 200 12$aA rich cabinet, with variety of inventions, unlock'd and open'd, for the recreation of ingenious spirits$b[electronic resource] $eBeing receits and conceits of several natures, and fit for those who are lovers of natural and artificial conclusions. As also variety of recreative fire-works both for land, air, and water. And fire-works of service, for sea and shore. Whereunto are added divers experiments in drawing, painting, arithmetick, geometry, astronomy, and other parts of the mathematicks. Together with several curious receits of great use, collected out of Alexis, Mizaldus, Wecker, &c. /$fBy John White a lover of artificial conclusions 205 $aThe sixth edition, with many additions. 210 $aLondon, $cPrinted for William Whitwood, next door to the Bible in Duck-Lane.$d1689 215 $a[1]+ p 300 $aFragment: title page only. 300 $aReproduction of original in the British Library. 330 $aeebo-0018 606 $aFireworks$zEngland$vEarly works to 1800 606 $aGeometry$vEarly works to 1800 606 $aMathematics$vEarly works to 1800 606 $aRecipes$vEarly works to 1800 615 0$aFireworks 615 0$aGeometry 615 0$aMathematics 615 0$aRecipes 700 $aWhite$b John$fd. 1671.$01004580 801 0$bCu-RivES 801 1$bCu-RivES 906 $aBOOK 912 $a996384974303316 996 $aA rich cabinet, with variety of inventions, unlock'd and open'd, for the recreation of ingenious spirits$92352499 997 $aUNISA LEADER 01034nam0 22002531i 450 001 RML0234279 005 20231121125700.0 100 $a20121121d1991 ||||0itac50 ba 101 | $aita 102 $ait 181 1$6z01$ai $bxxxe 182 1$6z01$an 200 1 $a˜The œECONOMICS of public debt$eProceedings of a Conference held by the International Economic Association at Stanford, California$fedited by Kenneth J. Arrow and Michael J. Boskin 210 $aLondon $cMacMillan $d1991 215 $axvii,317 p.$cfig.$d22 cm 700 1$aARROW$b, Kenneth J.$3RMLV147506$044429 801 3$aIT$bIT-01$c20121121 850 $aIT-FR0098 899 $aBiblioteca Area Giuridico Economica$bFR0098 912 $aRML0234279 950 0$aBiblioteca Area Giuridico Economica$d 53TER 336/103$e 53VM 0000026165 VM barcode:ECO002022. - Inventario:1005. - Fondo:Sala consultazioneVM$fA $h19940524$i20121204 977 $a 53 996 $aECONOMICS of public debt$93618581 997 $aUNICAS